| 000 | 00442 a2200169 4500 | ||
|---|---|---|---|
| 001 | 189349 | ||
| 020 | _a978-85-7062-860-2 | ||
| 040 | _cMagnum | ||
| 100 | _aMota, Ático Vilas-Boas da | ||
| 240 | 1 | 0 |
_aBrasil e Romênia _lpor |
| 245 | 1 | 0 | _aBrasil e Romênia |
| 300 | _a1094 | ||
| 362 | 0 | _a2010 | |
| 440 | 1 | _aThesaurus | |
| 697 | _aRELALÇÕES INTERNACIONAIS, POLÍTICA MUNDIAL. POLÍTICA INTERNACIONAL. POLÍTICA EXTERNA | ||
| 942 | _cBK | ||
| 999 |
_c189349 _d189349 |
||